Responses for Show #4343 - Wednesday, June 18, 2003

John Beck game 4.

Contestants

[<< previous game]

Scott Ingram, a substitute teacher from Camarillo, California

Kerry Kelly, an ammunitions instructor from Pine Bluff, Arkansas

John Beck, a copywriter from Torrance, California (whose 3-day cash winnings total $74,999)

[next game >>]

Jeopardy! Round responses

AGRICULTURE
MYTHING IN ACTION
(Alex: And I'm not lisping!)
WILLIAM McKINLEY NEVER...
THE MOST POPULOUS NATION
IRISH STARS
"PH"UN WITH WORDS
    $200 17
(Kerry: What are chickens?)

eggs

JohnKerry
    $200 12
dragons

Kerry
    $200 26
the Swim

Kerry
    $200 11
Brazil

Kerry
    $200 6
Pierce Brosnan

John
    $200 1
pheasant

John
    $400 18
silos

John
    $400 13
leprechaun

John
    $400 27
Consumer Reports

John
    $400 22
(Kerry: What is Saudi Arabia?)

Egypt

KerryScott
    $400 7
Kenneth Branagh

John
    $400 2
photocopy

Scott
    $600 19
stalks

Scott
    $600 14
llama

Scott
    $600 28
boogie board

Kerry
    $600 23
Sweden

Scott
    $600 8
Liam Neeson

Kerry
    $600 3
phosphorus

John
    $2,600 20
cotton

Scott
    $800 15
Hades

Kerry
    $800 29
Post-Traumatic Stress Disorder

John
    $800 24
Andorra

John
    $800 9
Michael Flatley

John
    $800 4
phylum

John
    $1000 21
truck farm

Scott
    $1000 16
Jason

John
    $1000 30
JetBlue Airways

Triple Stumper
    $1000 25
(John: What is Russia?)

Indonesia

JohnKerry
    $1000 10
Richard Harris

Scott
    $1000 5
physician

Triple Stumper

Scores at the first commercial break (after clue 16):

John Kerry Scott
$4,400 $1,800 $2,000

Scores at the end of the Jeopardy! Round:

John Kerry Scott
$6,000 $3,000 $7,200

Double Jeopardy! Round responses

GREEK SCIENCE
1960s TV
MUSIC TO MY EARS
PLACES TO VISIT
17th CENTURY NOTABLES
BEFORE & AFTER
    $400 17
anesthetic

Scott
    $400 13
Rowan & Martin's Laugh-In

Kerry
    $400 14
madrigal

Kerry
    $400 2
Mount Rushmore

John
    $400 1
(John: Who is Priscilla Alden?)

Pocahontas

JohnScott
    $400 3
Dick Clark Bar

John
    $800 18
algebra

Kerry
    $800 15
Petticoat Junction

Kerry
    $800 24
middle C

John
    $800 10
Rome

John
    $800 6
William and Mary

Kerry
    $800 4
Thomas Jefferson Davis

John
    $1200 28
vacuum

John
    $1200 16
the Riddler

Scott
    $1200 25
(Alex: Correctamente!)

allegro

John
    $1200 21
(John: What is Arches National Park?)

Rainbow Bridge National Memorial

John
Triple Stumper
    $3,000 7
(Kerry: Who was Martin Luther?)

Galileo

Kerry
    $1200 5
Jan and Dean Martin

Kerry
    $1600 29
Archimedes

John
    $1600 19
Mission: Impossible

Kerry
    $1600 26
(Kerry: What is variety?)

programmed music

Kerry
Triple Stumper
    $1600 22
Notre Dame

John
    $1600 8
Anthony van Dyck

Kerry
    $1600 11
Marky Mark Twain

John
    $2000 30
(Kerry: What is silk?)

amber

Kerry
Triple Stumper
    $2000 20
(Scott: What is "What's My Line?")

I've Got a Secret

KerryScott
    $2000 27
carillon

Scott
    $1,000 23
Mayans

John
    $2000 9
(John: Who was Erasmus?)

Baruch Spinoza

John
Triple Stumper
    $2000 12
Willie Nelson Mandela

John

Scores at the end of the Double Jeopardy! Round:

John Kerry Scott
$15,800 $6,000 $9,200

[wagering suggestions for these scores]

Final Jeopardy! Round responses

LITERARY TITLE CHARACTERS
[More of Sarah's outtakes from Belize during the closing credits.]
KerryWho is Tom Jones?
$5,900
ScottWho is Gatsby
$9,200
JohnWho is Alexander?
$3,700
Nicholas Nickleby

Final scores:

John Kerry Scott
$12,100 $100 $0
4-day champion: $87,099 2nd place: $2,000 3rd place: $1,000

Game dynamics:

Coryat scores:

John Kerry Scott
$16,800 $9,000 $7,400
25 R
(including 1 DD),
4 W
16 R,
5 W
(including 1 DD)
12 R
(including 1 DD),
1 W

Combined Coryat: $33,200

[game clues] [game scores] [suggest correction]

Game tape date: 2003-02-24
The J! Archive is created by fans, for fans. Scraping, republication, monetization, and malicious use prohibited; this site may use cookies and collect identifying information. See terms. The Jeopardy! game show and all elements thereof, including but not limited to copyright and trademark thereto, are the property of Jeopardy Productions, Inc. and are protected under law. This website is not affiliated with, sponsored by, or operated by Jeopardy Productions, Inc. Join the discussion at JBoard.tv.